000 00723cam a2200229 a 4500
001 000012818
005 20200929163100.0
008 911204s1963 nyuc 000 0 eng d
040 _aDO-SdBNP
_beng
_cLC
_dBNPHU
050 0 0 _aKF8925.P4
_bB4 1956
082 _ann*
_bB443r
100 1 _aBelli, Melvin M.,
_d1907-1996.
_929635
245 1 2 _a"Ready for the plaintiff!" /
_cMelvin M. Belli.
260 _aNew York :
_bCharper Books,
_c1963.
300 _a338, [32] p. :
_bretrs. ;
_c24 cm.
490 1 _aBoos Merrill,
_v125
500 _a"Ilustrado con fotografías".
650 0 _aPersonal injuries
_zUnited States.
_929636
830 0 _aBoos Merrill,
_v125
_929637
910 _aCatalogación por copia / LC
049 _aBNGR
999 _c12468
_d12468